Online
Catalog

La música cósmica en Ramón Antonio Jiménez : (Record no. 48142)

MARC details
000 -CABECERA
campo de control de longitud fija 02377nam a2200313 i 4500
001 - NÚMERO DE CONTROL
campo de control 000048654
003 - IDENTIFICADOR DEL NÚMERO DE CONTROL
campo de control DO-SdBNP
005 - FECHA Y HORA DE LA ÚLTIMA TRANSACCIÓN
campo de control 20250630094353.0
007 - CAMPO FIJO DE DESCRIPCIÓN FÍSICA--INFORMACIÓN GENERAL
campo de control de longitud fija ta
008 - DATOS DE LONGITUD FIJA--INFORMACIÓN GENERAL
campo de control de longitud fija 190405s2015 dr 000 m spa d
020 ## - NÚMERO INTERNACIONAL ESTÁNDAR DEL LIBRO
Número Internacional Estándar del Libro 9789945418397
040 ## - FUENTE DE LA CATALOGACIÓN
Centro catalogador/agencia de origen DO-SdBNP
Lengua de catalogación spa
Centro/agencia transcriptor BNPHU
Normas de descripción rda
082 #4 - NÚMERO DE LA CLASIFICACIÓN DECIMAL DEWEY
Número de clasificación xxx
Número de documento/Ítem R789m
Número de edición 22
245 03 - MENCIÓN DE TÍTULO
Título La música cósmica en Ramón Antonio Jiménez :
Resto del título homenaje al poeta interiorista /
Mención de responsabilidad, etc. Bruno Rosario Candelier, Fausto Leonardo Henríquez, Eduardo Gautreau De Windt, Manuel Salvador Gautier, José Enrique García
264 #4 - PRODUCCIÓN, PUBLICACIÓN, DISTRIBUCIÓN, FABRICACIÓN Y COPYRIGHT
Producción, publicación, distribución, fabricación y copyright Moca, República Dominicana :
Nombre del de productor, editor, distribuidor, fabricante Ateneo Insular,
Fecha de producción, publicación, distribución, fabricación o copyright ©2015.
300 ## - DESCRIPCIÓN FÍSICA
Extensión 127 páginas ;
Dimensiones 21 cm.
336 ## - TIPO DE CONTENIDO
Término de tipo de contenido texto
Código de tipo de contenido txt
Fuente rdacontent
337 ## - TIPO DE MEDIO
Nombre/término del tipo de medio sin mediación
Código del tipo de medio n
Fuente rdamedia
338 ## - TIPO DE SOPORTE
Nombre/término del tipo de soporte volumen
Código del tipo de soporte nc
Fuente rdacarrier
500 ## - NOTA GENERAL
Nota general Incluye datos biográficos del autor en las solapas
505 0# - NOTA DE CONTENIDO CON FORMATO
Nota de contenido con formato Conversando con Ramón Antonio Jiménez /
Título Bruno Rosario Candelier --
-- En torno a La música de la vida de Ramón Antonio Jiménez /
Mención de responsabilidad Bruno Rosario Candelier --
Título El símbolo en la poesía de Ramón Antonio Jiménez /
Mención de responsabilidad Bruno Rosario Candelier --
Título El Tao poético en la visión mística de Ramón Antonio Jiménez /
Mención de responsabilidad Bruno Rosario Candelier --
Título Visión interior de Ramón Antonio Jiménez en La música de la vida /
Mención de responsabilidad Bruno Rosario Candelier --
Título Manjú, de Ramón Antonio Jiménez /
Mención de responsabilidad Fausto Leonardo Henríuez --
Título El Tao de Ramón Antonio Jiménez: Una impresión perdurable /
Mención de responsabilidad José Enríquez García --
Título Conversando contigo de Ramón Antonio Jiménez --
Mención de responsabilidad Manuel Salvador Gautier --
Título Resonancia espiritual en la música de la vida de Ramón Antonio Jiménez /
Mención de responsabilidad Mikenia Vargas --
Título Ramón Antonio Jiménez , poeta de la sonoridad del Universo /
Mención de responsabilidad fray Jit Manuel Castillo --
Título La lírica de Ramón Antonio Jiménez /
Mención de responsabilidad Sélvido Candelaria --
Título Compases eróticos en «La música de la vida» de Ramón Antonio Jiménez /
Mención de responsabilidad Eduardo Gautreau de Windt --
Título Ramón Antonio Jiménez en el territorio interiorista entrevista a Bruno Rosario Candelier /
Mención de responsabilidad Miguel Solano.
590 ## - NOTA LOCAL (RLIN)
Nota local Inventariado, 2019/LP
700 1# - PUNTO DE ACCESO ADICIONAL--NOMBRE DE PERSONA
Nombre de persona Rosario Candelier, Bruno,
Fechas asociadas al nombre 1941-
Término indicativo de función/relación autor
Código de función/relación aut.
9 (RLIN) 851
700 1# - PUNTO DE ACCESO ADICIONAL--NOMBRE DE PERSONA
Nombre de persona Henríquez, Fausto Leonardo,
Término indicativo de función/relación autor
Código de función/relación aut.
9 (RLIN) 76102
700 1# - PUNTO DE ACCESO ADICIONAL--NOMBRE DE PERSONA
Nombre de persona Gautreau De Windt, Eduardo,
Término indicativo de función/relación autor
Código de función/relación aut.
9 (RLIN) 70818
700 1# - PUNTO DE ACCESO ADICIONAL--NOMBRE DE PERSONA
Nombre de persona Salvador Gautier, Manuel,
Término indicativo de función/relación autor
Código de función/relación aut.
9 (RLIN) 88215
700 1# - PUNTO DE ACCESO ADICIONAL--NOMBRE DE PERSONA
Nombre de persona García, José Enrique,
Término indicativo de función/relación aut.
Código de función/relación aut.
9 (RLIN) 84660
942 ## - ELEMENTOS DE PUNTO DE ACCESO ADICIONAL (KOHA)
Fuente del sistema de clasificación o colocación Dewey Decimal Classification
Tipo de ítem Koha Libro
Holdings
Estado de retiro Estado de pérdida No para préstamo Código de colección Localización permanente Ubicación/localización actual Ubicación en estantería Fecha de adquisición Número de inventario Total de préstamos Signatura topográfica completa Código de barras Fecha visto por última vez Precio válido a partir de Tipo de ítem Koha
    Excluido de préstamo Patrimonio Dominicano Patrimonio Dominicano Patrimonio Dominicano Depósito 05.04.2019 LF1   xxxx R789m 48654-10 25.06.2020 25.06.2020 Libro y Folleto Colección Patrimonio Dominicano

Powered by Koha